Pokémon - Les attaques de Abo - Statistiques

Statistiques générales
  • Ce quiz a été pris 64 fois
  • Le résultat moyen est 9 sur 17
Statistiques - réponses
Niveaux Types Noms des attaques % Correct
Niveau 9 Ténèbres Morsure
91%
Niveau 4 Poison Dard-Venin
86%
Départ Normal Ligotage
74%
Niveau 41 Glace Buée Noire
72%
Départ Normal Groz'Yeux
70%
Niveau 20 Poison Acide
56%
Niveau 49 Poison Détricanon
56%
Niveau 44 Poison Enroulement
53%
Niveau 12 Normal Regard Médusant
53%
Niveau 33 Sol Boue-Bombe
40%
Niveau 25 Normal Avale
30%
Niveau 25 Normal Relâche
30%
Niveau 25 Normal Stockage
30%
Niveau 28 Poison Bombe Acide
28%
Niveau 38 Poison Éructation
28%
Niveau 17 Normal Grincement
28%
Niveau 36 Poison Suc Digestif
28%
Aucun quiz correspondant
Distribution des résultats
% des personnes avec chaque résultat
Percentile par nombre de réponses
Votre historique - résultats
Vous n’avez pas pris ce quiz